Just the Green: Asia Quiz Stats

 Plays Quiz Updated Jul 8, 2017

Support Sporcle.
Go Orange.
Score 0/18 Timer 04:00
2 Plays Today
% Correct
Saudi Arabia
95.4%
Pakistan
86.8%
Iraq
76.8%
Bangladesh
71.1%
Iran
68%
Lebanon
65.9%
Turkmenistan
57.2%
Syria
54.1%
Jordan/Palestine
53.6%
% Correct
Kuwait
51.1%
Maldives
50.5%
Myanmar
47.6%
Oman
45.2%
United Arab Emirates
43.1%
India
38.7%
Sri Lanka
36.2%
Azerbaijan/Tajikistan/Uzbekistan
34%
Afghanistan
28.2%

You're not logged in!

Compare scores with friends on all Sporcle quizzes.
OR
Log In
Forgot?

From the Vault

-age Definitions

by NO_r_WAY

When do you think this quiz will start showing its age?
Remove Ads.
Support Sporcle.
Get the best of Sporcle when you Go Orange. This ad-free experience offers more features, more stats, and more fun while also helping to support Sporcle. Thank you for becoming a member.

Show Comments

Extras

Top Quizzes Today


Score Distribution

Your Account Isn't Verified!

In order to create a playlist on Sporcle, you need to verify the email address you used during registration. Go to your Sporcle Settings to finish the process.

Report this User

Report this user for behavior that violates our Community Guidelines.

Details: